| 000 | 00600nam a2200169Ia 4500 | ||
|---|---|---|---|
| 008 | 090711s9999 xx 000 0 und d | ||
| 082 | _b60219 | ||
| 100 | _aउपासनी मुरलीधर ग. | ||
| 245 | _aनिरुपणसुधा | ||
| 260 |
_b"जगदिश्र्वर पिं्रटिंग प्रेस," _c1944 |
||
| 300 | _a231 | ||
| 600 | _aउपासनी मुरलीधर ग. | ||
| 630 | _aनिरुपणसुधा | ||
| 700 | _aउपासनी मुरलीधर ग. | ||
| 730 | _aनिरुपणसुधा | ||
| 942 | _cBOOK | ||
| 999 |
_c282207 _d282207 |
||